| LEADER |
01302nam0a2200193 450 |
| 001 |
16837411 |
| 010 |
|
|
|a 978-2-7021-8367-0
|b br.
|d 21,9
|
| 100 |
|
|
|a 20210927d2021 u u0frey01 ba
|
| 101 |
0 |
|
|a fre
|
| 102 |
|
|
|a FR
|
| 200 |
0 |
|
|a Inconnue de la Seine (L')
|
| 207 |
|
1 |
|a
|
| 210 |
|
|
|a Paris
|b 3 Rue Auber.
|c Calmann-Lévy
|d 2021
|
| 215 |
|
|
|a 1 vol. (432 p.)
|
| 330 |
|
|
|a Par une nuit brumeuse de décembre, une jeune femme est repêchée dans la Seine au niveau du Pont-Neuf. Nue, amnésique, mais vivante. Très agitée, elle est conduite à linfirmerie de la préfecture de police de Paris
doù elle séchappe au bout de quelques heures. Les analyses ADN et les photos révèlent son identité : il sagit de la célèbre pianiste Milena Bergman. Mais cest impossible, car Milena est morte dans un crash davion, il y a plus dun an. Raphaël, son ancien fiancé, et Roxane, une flic fragilisée par sa récente mise au placard, se prennent de passion pour cette enquête, bien décidés à éclaircir ce mystère : comment peut-on être à la fois morte et vivante ?
|
| 700 |
|
0 |
|a Musso
|b Guillaume
|c Auteur du texte
|f 1974-....
|4 70
|
| 900 |
|
|
|a Roman Policier
|
| 901 |
|
|
|a Accessible au prêt
|
| 995 |
|
|
|a Bibliothèque
|c Bibliothèque
|f 024021894
|h 024021894
|k RP MUS
|o p
|q a
|r az
|e Bibliothèque
|